| 000 | 00976nam a2200385 a 4500 | ||
|---|---|---|---|
| 003 | AR-BaBNM | ||
| 005 | 20251128205636.0 | ||
| 008 | 082120s2002 ||||||||||||||000 | spa|| | ||
| 020 | _a84-7509-377-9 | ||
| 040 | _cAR-BaBNM | ||
| 100 | 1 | _aArnheim, Rudolf | |
| 245 | 0 | 0 | _aEl pensamiento visual |
| 250 | _a1ª ed. | ||
| 260 |
_aBarcelona _bPaidós _c1986 |
||
| 300 |
_a363 p. _bil. |
||
| 490 | 0 |
_aPaidós Estética _vv. 7 |
|
| 500 | _aEl libro tiene notas al final, organizadas por capítulos | ||
| 500 | _aIndice de nombres e índice analítico | ||
| 504 | _aBibliografía | ||
| 600 | 1 | 4 | _aPiaget, Jean |
| 650 | 4 | _aPERCEPCION | |
| 650 | 4 | _aPENSAMIENTO | |
| 650 | 4 | _aINTELIGENCIA | |
| 650 | 4 | _aVISION | |
| 650 | 4 | _aIMAGEN | |
| 650 | 4 | _aSIMBOLOS | |
| 650 | 4 | _aCOGNICION | |
| 650 | 4 | _aMENTE | |
| 650 | 4 | _aCONCEPTOS | |
| 650 | 4 | _aEDUCACION ARTISTICA | |
| 650 | 4 | _aDIBUJO | |
| 700 | 1 |
_aMasera, Rubén _etraductor |
|
| 942 | _cBK | ||
| 998 | _carturo | ||
| 999 |
_c12203 _d12203 |
||